000 00965nam a22002655i 4500
003 EG-ScBUE
005 20260308094120.0
008 170115r20082003ii a f bd 001 0 eng d
040 _aEG-ScBUE
_beng
_erda
_cEG-ScBUE
_dEG-ScBUE
082 0 4 _a570.285
_bMUR
_222
100 1 _aMurthy, C. S. V.,
_eauthor.
245 1 0 _aBioinformatics /
_cC. S. V. Murthy, B.Sc., B.E., MIE, chartered engineer industrial consultant, Visiting Faculty at Various Management Colleges, Bangalore.
250 _aReprint edition.
264 1 _aMumbai, India :
_bHimalaya Publishing House,
_c2008.
300 _a420 pages :
_billustrations ;
_c24 cm
336 _2rdacontent
_atext
_btxt
337 _aunmediated
_2rdamedia
_bn
338 _avolume
_bnc
_2rdacarrier
500 _aIncludes glossary.
504 _aIncludes bibliographical references and index.
650 7 _95545
_aBioinformatics.
_2BUEsh
653 _bCOMSCI
_cJanuary2017
655 _vReading book
942 _2ddc
_cBB
999 _c23926
_d23898